000 01088nam a2200325 i 4500
001 bg
003 KOSZ 005
005 20200114090350.0
008 990506s1983 pl a f f |001 0 pol
015 _aPB 1983/8997
020 _a8320404878
035 _a(OCoLC)749728946
040 _aWA N
_cKOSZ 005/HR
_dKOSZ 005/HR
041 0 _apol
080 _a621.314
080 _a(075.8)
100 1 _aJezierski, Eugeniusz
_d(1902-1990).
_eAutor
245 1 0 _aTransformatory /
_cEugeniusz Jezierski ; aut. rozdz. 12 i 13-Zygmunt Hasterman.
250 _aWyd. 2.
260 _aWarszawa :
_bWydawnictwa Naukowo-Techniczne,
_c1983.
300 _a452 s. :
_bfot., rys., wykr. ;
_c24 cm.
380 _aKsiążki.
504 _aBibliogr. przy rozdz.- Indeks.
655 4 _aPodręczniki akademickie
650 4 _aTransformatory
700 1 _aHasterman, Zygmunt.
_eAutor
710 2 _aWydawnictwa Naukowo-Techniczne
_4pbl.
856 _uhttp://koha.tu.koszalin.pl/cgi-bin/koha/opac-detail.pl?biblionumber=33050
_yKatalog online BPK
942 _2UKD
_cKS
999 _c33050
_d33050